Magic Accessories - Terraria Crafting Tree - Statistics

General Stats
  • This quiz has been taken 9 times
  • The average score is 17 of 21
Answer Stats
Item % Correct
Mana Flower
100%
Mana Potion
100%
Nature's Gift
100%
Shackle
100%
Band of Regeneration
86%
Band of Starpower
86%
Celestial Cuffs
86%
Celestial Magnet
86%
Magic Cuffs
86%
Mana Cloak
86%
Mana Regeneration Band
86%
Any Emblem
71%
Avenger Emblem
71%
Magnet Flower
71%
Soul of Fright (×5)
71%
Soul of Might (×5)
71%
Soul of Sight (×5)
71%
Star Cloak
71%
Arcane Flower
57%
Celestial Emblem
57%
Putrid Scent
57%
No matching quizzes found
Score Distribution
Percent of People with Each Score
Percentile by Number Answered
Your Score History
You have not taken this quiz